000 00311nam a22001337a 4500
008 170208b xxu||||| |||| 00| 0 eng d
020 _a9780323053594
041 _aeng
080 _24TH
_a618.2
100 _a2
101 _aINF
245 _aCRITICAL THINKING CASES IN NURSING
_cPREUSSER, B.A
942 _2udc
_cBK
999 _c4927
_d4927